000 00209 a2200109 4500
020 _a9780736424189
041 _aeng
100 _aLara Bergen
245 _aA masterpiace for bess
942 _cBK
952 _71
999 _c18689
_d18689